| 000 | 01013nam a2200217 a 4500 | ||
|---|---|---|---|
| 001 | 38269 | ||
| 003 | BD-RjUL | ||
| 005 | 20211209052748.0 | ||
| 008 | 151025s1962 ii ||||| |||| 00| 0 ben d | ||
| 035 | _a(BD-RjUL)38374 | ||
| 040 |
_aBD-RjUL _beng _cBD-RjUL |
||
| 041 | _aeng | ||
| 082 |
_223 _a891.441409 _bRAB 1962 |
||
| 245 |
_aরবীন্দ্রনাথ : _bবিশ্বভারতীয় শ্রদ্ধাঞ্জলি / _cসম্পাদক প্রবোধচন্দ্র সেন |
||
| 260 |
_aবিশ্বভারতী : _bশান্তিনিকেতন, _c১৯৬২ |
||
| 300 |
_a৬, ২৬৯ পৃ. ; _c২২ সেমি. |
||
| 600 |
_aঠাকুর, রবীন্দ্রনাথ _d১৮৬১-১৯৪১ _xসমালোচনা ও ব্যাখ্যা _9136488 |
||
| 600 |
_aTagore, Rabindranath _d1861-1941 _xCriticism and interpretation. _9136489 |
||
| 700 |
_aসেন, প্রবোধচন্দ্র _9118302 |
||
| 942 |
_2ddc _cBK _01 |
||
| 999 |
_c38269 _d38269 |
||